Nabádavá kniha o sociologovi - etikovi

Bibliographic Details
Main Authors: Kánský, Jiří, 1930-1999 (Author), Sedlák, Jiří (Author)
Format: Article
Language:Slovak
Czech
ISSN:0046-385X
Subjects:

MARC

LEADER 00000nab a2200000 a 4500
001 vtls000594145
003 SK-MaSNL
005 20260304085447.0
008 250425c1996 xo 0 slo
015 |a SNBRB19rr/mm-uuuuu 
035 |a CL0594284 
035 |a urn:nbn:sk:snk-abfhm 
035 |a (urnnbn)urn:nbn:sk:snk:ar-a03pka 
035 |a (uuid)3f054a54-0910-4781-aca6-688de9ec48b0 
040 |a SNKBUCL  |b slo  |c SNKBUCL  |e AACR2 
041 0 |a cze 
044 |a xo  |c SK 
080 |a 101.9:301-051  |2 1981 
080 |a 301-051  |2 1981 
080 |a 929 Bláha, Arnošt Inocenc  |2 1981 
100 1 |a Kánský, Jiří,  |d 1930-1999  |4 aut  |9 108268 
245 1 0 |a Nabádavá kniha o sociologovi - etikovi  |c Jiří Kánský 
600 1 7 |a Bláha, Arnošt Inocenc,  |d 1879-1960  |2 snkbucl  |9 155779 
655 7 |a monografie  |2 snkbucl  |9 70139 
655 7 |a články z novín a časopisov  |2 snkbucl  |9 267496 
655 7 |a recenzie  |2 snkbucl  |9 21907 
700 1 |a Sedlák, Jiří  |4 aut  |9 285988 
773 0 |t Filozofia  |g Roč. 51, č. 5 (1996), s. 349-351  |x 0046-385X 
787 0 8 |i Rec.:  |a Sedlák, Jiří  |t Inocenc Arnošt Bláha  |d Brno : Vydavatelství Masarykovy univerzity, 1995 
850 |a Slovenská národná knižnica 
852 |a Slovenská národná knižnica 
954 |a odborná, vedecká literatúra cudzojazyčná (svetová)  |2 lita 
954 |a odborná, vedecká literatúra pôvodná (slovenská)  |2 lita 
958 |a article27 
958 |a OND 
958 |a RK 
958 |a BC 
958 |a SK 
958 |a EUIPO 
992 |a RBX 
999 |c 2808113  |d 2810043